History of the Punjab from the remotest antiquity to the present time / (Record no. 330783)
[ view plain ]
| 000 -LEADER | |
|---|---|
| fixed length control field | 00996nam a2200265 a 4500 |
| 001 - CONTROL NUMBER | |
| control field | 1440559 |
| 003 - CONTROL NUMBER IDENTIFIER | |
| control field | NUST |
| 005 - DATE AND TIME OF LATEST TRANSACTION | |
| control field | 20170807102816.0 |
| 008 - FIXED-LENGTH DATA ELEMENTS--GENERAL INFORMATION | |
| fixed length control field | 850717r19841891pk 001 0 eng |
| 010 ## - LIBRARY OF CONGRESS CONTROL NUMBER | |
| LC control number | 84931824 |
| 020 ## - INTERNATIONAL STANDARD BOOK NUMBER | |
| International Standard Book Number | 9693507355 |
| 020 ## - INTERNATIONAL STANDARD BOOK NUMBER | |
| International Standard Book Number | 9789693507355 |
| 040 ## - CATALOGING SOURCE | |
| Original cataloging agency | DLC |
| Transcribing agency | DLC |
| Modifying agency | DLC |
| 043 ## - GEOGRAPHIC AREA CODE | |
| Geographic area code | a-ii--- |
| -- | a-pk--- |
| 050 00 - LIBRARY OF CONGRESS CALL NUMBER | |
| Classification number | DS485.P2 |
| Item number | L35 1984 |
| 082 00 - DEWEY DECIMAL CLASSIFICATION NUMBER | |
| Classification number | 954.14 |
| Author Mark | LAT |
| 100 1# - MAIN ENTRY--PERSONAL NAME | |
| Personal name | Latif, Syad Muhammad, |
| Dates associated with a name | 1851-1902. |
| 9 (RLIN) | 3788 |
| 245 10 - TITLE STATEMENT | |
| Title | History of the Punjab from the remotest antiquity to the present time / |
| Statement of responsibility, etc. | by Syad Muhammad Latif. |
| 250 ## - EDITION STATEMENT | |
| Edition statement | 1st Pakistani ed. |
| 260 ## - PUBLICATION, DISTRIBUTION, ETC. | |
| Place of publication, distribution, etc. | Lahore : |
| Name of publisher, distributor, etc. | Progressive Books, |
| Date of publication, distribution, etc. | 1984. |
| 300 ## - PHYSICAL DESCRIPTION | |
| Extent | xix, 652 p. ; |
| Dimensions | 24 cm. |
| 500 ## - GENERAL NOTE | |
| General note | Reprint. Originally published: History of the Panjab from the remotest antiquity Calcutta : Calcutta Central ress Co., 1891. |
| 500 ## - GENERAL NOTE | |
| General note | Limited edition of 250 copies. |
| 500 ## - GENERAL NOTE | |
| General note | Includes index. |
| 651 #0 - SUBJECT ADDED ENTRY--GEOGRAPHIC NAME | |
| Geographic name | Punjab (India) |
| General subdivision | History. |
| 9 (RLIN) | 3789 |
| 906 ## - LOCAL DATA ELEMENT F, LDF (RLIN) | |
| a | 7 |
| b | cbc |
| c | orignew |
| d | 3 |
| e | ncip |
| f | 19 |
| g | y-gencatlg |
| 942 ## - ADDED ENTRY ELEMENTS (KOHA) | |
| Source of classification or shelving scheme | |
| Koha item type | Book |
| Withdrawn status | Lost status | Source of classification or shelving scheme | Damaged status | Not for loan | Collection code | Permanent Location | Current Location | Shelving location | Date acquired | Total Checkouts | Full call number | Barcode | Date last seen | Copy number | Price effective from | Koha item type |
|---|---|---|---|---|---|---|---|---|---|---|---|---|---|---|---|---|
| Central Library (CL) | Central Library (CL) | Book Cart | 08/07/2017 | 954.14 LAT | CL2819 | 08/07/2017 | 1 | 08/07/2017 | Book |
